MARC

LEADER 00000nam0a2200000 4500
001 7733
005 20231101204546.0
010 |a 5882460263 
035 |a (RuTPU)RU\TPU\book\7778 
035 |a BOOK00007837 
090 |a 7733 
100 |a 20011209d1997 m y0rusy50 ca 
101 0 |a rus  |a eng 
102 |a RU 
105 |a y j 000zy 
200 1 |a Учебник английского языка  |e учебник  |f Л. Г. Ковтун [и др.] 
210 |a Москва  |c [Б. и.]  |d 1997 
215 |a 285 с. 
606 1 |a Английский язык  |x Учебные руководства и пособия  |x Учебные руководства и пособия для высшей школы  |2 stltpush  |3 (RuTPU)RU\TPU\subj\29071  |9 52483 
610 1 |a лексика 
610 1 |a грамматика 
610 1 |a разговорная речь 
610 1 |a упражнения 
686 |a Ш143.21-923  |v LBC/SL-A  |2 rubbk 
701 1 |a Ковтун  |b Л. Г. 
701 1 |a Образцова  |b Н. А. 
701 1 |a Куприкова  |b Т. С. 
701 1 |a Матявина  |b Н. А. 
801 0 |a RU  |b 63413507  |c 20011209  |g PSBO 
801 2 |a RU  |b 63413507  |c 20140312  |g PSBO 
942 |c BK